000 01524nam a2200229Ia 4500
005 20220328172709.0
008 220321t2016||||xx |||||||||||||| ||spa||
020 _a9786070279911
040 _aODONTO
_bspa
_cODONTO
_dODONTO
041 _aspa
082 _a571.3 ES77:3
100 _aEsponda Vila, Rafael
_d1908-1985
_91090
245 0 _aAtlas de morfología dental :
_cRafael Esponda Vila .--
_bguía para su tallado /
260 _aMéxico
_bUNAM
_c2016
300 _a60 p. :
_bil. ;
_c27 cm.
505 _8 1. Dentadura adulta -- 2. Dentadura infantil
520 _a [Tomado de la contraportada] De gran utilidad para el estudiante de odontología en particular (y también para el protesista dental), este manual promueve el aprendizaje activo con la vista, el tacto, el dibujo, y sobre todo recrea el modelado de cada diente con instrumentos adecuados que permiten al alumno hacerlo de tamaño natural: así, éste aprende las proporciones reales y medidas de corona y raíz tanto de la dentadura infantil como adulta; de manera ordenada es guiado con numerosos detalles en la realización de los contornos y texturas de las superficies, de cúspides y depresiones. En suma, este Atlas de aproximadamente 700 dibujos ofrece al estudiante la posibilidad de entender la anatomía de los dientes con suma sencillez.
650 0 2 _aDientes -
_xAnatamía
_91091
650 0 2 _aMorfología comparada
_91092
650 0 2 _a Anatomía comparada
_9830
942 _aBiblioteca de la Facultad de Odontología
_cBK
_n0
_k571.3 ES77:3
_2ddc
999 _c332
_d332